[Event "Biel MTO op"]
[Site "Biel"]
[Date "1992.??.??"]
[Round "4"]
[White "Kharlov, Andrei"]
[Black "Tukmakov, Vladimir"]
[Result "1/2-1/2"]
[WhiteElo "2555"]
[BlackElo "2570"]
[PlyCount "42"]
[EventDate "1992.07.??"]
[EventType "swiss"]
[EventRounds "11"]
[EventCountry "SUI"]
[SourceTitle "CBM 031 ext"]
[Source "ChessBase"]
[SourceDate "1993.01.01"]
[SourceVersion "1"]
[SourceVersionDate "1993.01.01"]
[SourceQuality "1"]

1. e4 c5 2. c3 d5 3. exd5 Qxd5 4. d4 Nf6 5. Nf3 Bg4 6. Qa4+ Bd7 7. Qb3 cxd4 8.
Bc4 Qe4+ 9. Kf1 e6 10. Nxd4 Nc6 11. Nd2 Nxd4 12. Nxe4 Nxb3 13. Nxf6+ gxf6 14.
axb3 Bc5 15. b4 Bb6 16. Be3 Bxe3 17. fxe3 Rg8 18. g3 Bc6 19. Rg1 Rg5 20. Ra5 a6
21. Ke2 Ke7 1/2-1/2

[Event "Biel MTO op"]
[Site "Biel"]
[Date "1992.??.??"]
[Round "5"]
[White "Cvitan, Ognjen"]
[Black "Kharlov, Andrei"]
[Result "1-0"]
[WhiteElo "2550"]
[BlackElo "2555"]
[PlyCount "83"]
[EventDate "1992.07.??"]
[EventType "swiss"]
[EventRounds "11"]
[EventCountry "SUI"]
[SourceTitle "CBM 031 ext"]
[Source "ChessBase"]
[SourceDate "1993.01.01"]
[SourceVersion "1"]
[SourceVersionDate "1993.01.01"]
[SourceQuality "1"]

1. Nf3 d5 2. c4 dxc4 3. e3 Nf6 4. Bxc4 e6 5. O-O c5 6. d4 a6 7. Bd3 Nc6 8. Nc3
cxd4 9. exd4 Be7 10. Bg5 O-O 11. Rc1 Nd5 12. Nxd5 Bxg5 13. Nxg5 Qxg5 14. Nb6
Rb8 15. Qc2 g6 16. Qc5 Qd8 17. Rc4 Bd7 18. Be4 Ne7 19. Rc2 Nc8 20. Nxd7 Qxd7
21. Qe5 Nd6 22. Bd3 Rbd8 23. Rd1 Rfe8 24. h4 Nf5 25. Be4 Nd6 26. h5 f6 27. Qf4
g5 28. Qe3 Re7 29. Bd3 Nf5 30. Bxf5 exf5 31. Qa3 Kg7 32. d5 Qd6 33. Qf3 f4 34.
Re2 Rde8 35. Rxe7+ Rxe7 36. Qh3 Qd7 37. h6+ Kg6 38. Qd3+ Kxh6 39. d6 Re6 40.
Qh3+ Kg6 41. Qxe6 Qxe6 42. d7 1-0

[Event "Biel MTO op"]
[Site "Biel"]
[Date "1992.??.??"]
[Round "8"]
[White "Kharlov, Andrei"]
[Black "Maric, Alisa"]
[Result "1-0"]
[WhiteElo "2555"]
[BlackElo "2390"]
[PlyCount "89"]
[EventDate "1992.07.??"]
[EventType "swiss"]
[EventRounds "11"]
[EventCountry "SUI"]
[SourceTitle "CBM 031 ext"]
[Source "ChessBase"]
[SourceDate "1993.01.01"]
[SourceVersion "1"]
[SourceVersionDate "1993.01.01"]
[SourceQuality "1"]

1. e4 c5 2. Nf3 e6 3. c3 Nf6 4. e5 Nd5 5. d4 cxd4 6. cxd4 d6 7. Bc4 Nb6 8. Bd3
Nc6 9. a3 dxe5 10. dxe5 Qc7 11. Bf4 Nd5 12. Bg3 Bd7 13. Nbd2 Be7 14. O-O O-O
15. Qb1 h6 16. Qe1 Qd8 17. Qe4 f5 18. exf6 Nxf6 19. Qe2 Nd5 20. Nc4 Nf4 21.
Bxf4 Rxf4 22. Rad1 Qc7 23. g3 Rf6 24. Qe4 Rf5 25. Ne3 Rxf3 26. Qxf3 Ne5 27. Qe4
Bc6 28. Qh7+ Kf7 29. Be2 Nf3+ 30. Bxf3 Bxf3 31. Rd4 Bf6 32. Rf4 Qc6 33. Ng4
Bxg4 34. Rxg4 Bxb2 35. Qg6+ Kf8 36. Rf4+ Bf6 37. Rxf6+ gxf6 38. Qxf6+ Kg8 39.
Qg6+ Kf8 40. Qxh6+ Kf7 41. Qh7+ Kf6 42. Rd1 Rc8 43. Rd7 Qc1+ 44. Kg2 Qc6+ 45.
Kh3 1-0

[Event "Biel MTO op"]
[Site "Biel"]
[Date "1992.??.??"]
[Round "10"]
[White "Kharlov, Andrei"]
[Black "Sorin, Ariel"]
[Result "1-0"]
[WhiteElo "2555"]
[BlackElo "2405"]
[PlyCount "73"]
[EventDate "1992.07.??"]
[EventType "swiss"]
[EventRounds "11"]
[EventCountry "SUI"]
[SourceTitle "CBM 031 ext"]
[Source "ChessBase"]
[SourceDate "1993.01.01"]
[SourceVersion "1"]
[SourceVersionDate "1993.01.01"]
[SourceQuality "1"]

1. g3 g6 2. Bg2 Bg7 3. d4 c5 4. d5 d6 5. Nf3 Nf6 6. O-O b5 7. Re1 Bb7 8. e4 O-O
9. a4 a6 10. Bf1 e6 11. dxe6 Nxe4 12. exf7+ Rxf7 13. Rxe4 Bxe4 14. Ng5 Qe7 15.
Nc3 Bxc3 16. bxc3 Bc6 17. Nxf7 Qxf7 18. Bg2 Bxg2 19. Kxg2 Qb7+ 20. Kg1 Nd7 21.
Qxd6 Re8 22. Bf4 Re6 23. Qc7 Qd5 24. axb5 axb5 25. Be3 Kg7 26. h3 Re7 27. Qd8
Kf7 28. Ra7 Ke6 29. Kh2 Kf7 30. Ra8 Ke6 31. Qg8+ Rf7 32. Re8+ Kd6 33. Rc8 g5
34. Ra8 Kc7 35. Qd8+ Kd6 36. Ra6+ Ke5 37. Qxg5+ 1-0

[Event "Leeuwarden op"]
[Site "Leeuwarden"]
[Date "1992.??.??"]
[Round "4"]
[White "Kharlov, Andrei"]
[Black "Vogel, Jaap"]
[Result "1-0"]
[WhiteElo "2555"]
[BlackElo "2315"]
[PlyCount "71"]
[EventDate "1992.08.??"]
[EventType "swiss"]
[EventRounds "9"]
[EventCountry "NED"]
[SourceTitle "EXT 1998"]
[Source "ChessBase"]
[SourceDate "1997.11.17"]
[SourceVersion "1"]
[SourceVersionDate "1997.11.17"]
[SourceQuality "1"]

1. Nf3 Nf6 2. g3 b5 3. Bg2 Bb7 4. c3 e6 5. O-O Be7 6. d3 c5 7. Qb3 b4 8. a3 a5
9. axb4 axb4 10. Rxa8 Bxa8 11. cxb4 cxb4 12. Qa4 Nc6 13. Ne5 Nd5 14. Bxd5 exd5
15. Nf3 O-O 16. Nbd2 Re8 17. Qc2 Bf6 18. Nb3 d4 19. Re1 d6 20. Nfd2 Qd7 21. Ne4
Qh3 22. Nbd2 Ne5 23. Nf1 Rc8 24. Qb3 Bxe4 25. dxe4 d3 26. Bf4 dxe2 27. Rxe2 Qh5
28. Qd1 Nf3+ 29. Kh1 g5 30. Re3 gxf4 31. Rxf3 Rc1 32. Qxc1 Qxf3+ 33. Kg1 Qxe4
34. gxf4 Bd4 35. Ng3 Kg7 36. Nxe4 1-0

[Event "Leeuwarden op"]
[Site "Leeuwarden"]
[Date "1992.??.??"]
[Round "6"]
[White "Kharlov, Andrei"]
[Black "Farago, Ivan"]
[Result "1-0"]
[WhiteElo "2555"]
[BlackElo "2510"]
[PlyCount "63"]
[EventDate "1992.08.??"]
[EventType "swiss"]
[EventRounds "9"]
[EventCountry "NED"]
[SourceTitle "EXT 1998"]
[Source "ChessBase"]
[SourceDate "1997.11.17"]
[SourceVersion "1"]
[SourceVersionDate "1997.11.17"]
[SourceQuality "1"]

1. d4 Nf6 2. c4 e6 3. Nc3 Bb4 4. e3 O-O 5. Nge2 d5 6. a3 Be7 7. Nf4 c6 8. Bd3
Nbd7 9. cxd5 exd5 10. O-O Re8 11. f3 Nf8 12. Bc2 Ne6 13. e4 dxe4 14. Nxe6 Bxe6
15. fxe4 c5 16. d5 Bg4 17. Qd3 Bd6 18. Bf4 Bxf4 19. Rxf4 Qb6 20. Qg3 Nh5 21.
Qxg4 Nxf4 22. Qxf4 Qxb2 23. Rf1 Qxc3 24. Qxf7+ Kh8 25. Bb1 Qe5 26. h4 h6 27.
Bc2 b5 28. Rf5 Qg3 29. Rf2 Qe5 30. Rf5 Qg3 31. e5 Rxe5 32. Qf8+ 1-0

[Event "Leeuwarden op"]
[Site "Leeuwarden"]
[Date "1992.??.??"]
[Round "7"]
[White "Nijboer, Friso"]
[Black "Kharlov, Andrei"]
[Result "1/2-1/2"]
[WhiteElo "2485"]
[BlackElo "2555"]
[PlyCount "129"]
[EventDate "1992.08.??"]
[EventType "swiss"]
[EventRounds "9"]
[EventCountry "NED"]
[SourceTitle "EXT 1998"]
[Source "ChessBase"]
[SourceDate "1997.11.17"]
[SourceVersion "1"]
[SourceVersionDate "1997.11.17"]
[SourceQuality "1"]

1. e4 c5 2. Nf3 Nc6 3. d4 cxd4 4. Nxd4 Nf6 5. Nc3 e6 6. Nxc6 bxc6 7. e5 Nd5 8.
Ne4 Qc7 9. f4 Qb6 10. c4 Bb4+ 11. Ke2 f5 12. exf6 Nxf6 13. Be3 Qa5 14. Nxf6+
gxf6 15. Kf2 O-O 16. Bd3 Rf7 17. Qe2 Bc5 18. a3 Bxe3+ 19. Qxe3 Qb6 20. b4 d5
21. Rhc1 Bb7 22. Qxb6 axb6 23. a4 e5 24. c5 bxc5 25. Rxc5 e4 26. Be2 Rg7 27. a5
Rd8 28. a6 Ba8 29. a7 d4 30. Bc4+ Kf8 31. g3 Rgd7 32. b5 cxb5 33. Rxb5 Rc7 34.
Rb8 Ke7 35. Ra4 Rb7 36. Rxd8 Kxd8 37. Bd5 Rb2+ 38. Kg1 Bxd5 39. Rxd4 Ra2 40.
Rxd5+ Ke8 41. Rh5 Rxa7 42. Kf2 Kf8 43. Ke3 Kg7 44. Rd5 Ra2 45. h4 Ra3+ 46. Kxe4
h5 47. Kf5 Rxg3 48. Rd7+ Kh6 49. Kxf6 Rg6+ 50. Ke5 Rg4 51. Rd6+ Kg7 52. f5 Rxh4
53. Rd7+ Kh6 54. f6 Ra4 55. Ke6 h4 56. Rd8 Ra6+ 57. Kf7 Ra7+ 58. Ke6 Ra6+ 59.
Ke7 Ra7+ 60. Rd7 Ra8 61. Rd5 Ra7+ 62. Ke6 Ra6+ 63. Rd6 Ra8 64. Rd4 Ra6+ 65. Ke7
1/2-1/2

[Event "Leeuwarden op"]
[Site "Leeuwarden"]
[Date "1992.??.??"]
[Round "8"]
[White "Kharlov, Andrei"]
[Black "Schmittdiel, Eckhard"]
[Result "1/2-1/2"]
[WhiteElo "2555"]
[BlackElo "2480"]
[PlyCount "76"]
[EventDate "1992.08.??"]
[EventType "swiss"]
[EventRounds "9"]
[EventCountry "NED"]
[SourceTitle "EXT 1998"]
[Source "ChessBase"]
[SourceDate "1997.11.17"]
[SourceVersion "1"]
[SourceVersionDate "1997.11.17"]
[SourceQuality "1"]

1. c4 e6 2. g3 d5 3. Bg2 Nf6 4. Nf3 g6 5. O-O Bg7 6. d4 O-O 7. Nc3 b6 8. Bg5
Bb7 9. Ne5 h6 10. Bxf6 Bxf6 11. cxd5 exd5 12. f4 Qd6 13. e4 dxe4 14. Nxe4 Bxe4
15. Bxe4 c6 16. Kh1 a5 17. Rc1 Ra7 18. Rf3 Rc7 19. a4 c5 20. dxc5 Qxd1+ 21.
Rxd1 Rxc5 22. Rd5 Rxd5 23. Bxd5 Bxe5 24. fxe5 Nd7 25. Rb3 Kg7 26. e6 fxe6 27.
Bc6 Ne5 28. Rxb6 Rf2 29. Kg1 Rc2 30. Bb7 Rc1+ 31. Kg2 Rc2+ 32. Kf1 Nc4 33. Rxe6
Rxb2 34. Bd5 Rb4 35. Kf2 Nb6 36. Be4 Kf7 37. Rxg6 Rxe4 38. Rxb6 Kg7 1/2-1/2

[Event "Moscow Tal Memorial"]
[Site "Moscow"]
[Date "1992.??.??"]
[Round "?"]
[White "Dolmatov, Sergey"]
[Black "Kharlov, Andrei"]
[Result "1/2-1/2"]
[WhiteElo "2610"]
[BlackElo "2555"]
[PlyCount "110"]
[EventDate "1992.08.??"]
[EventType "swiss"]
[EventRounds "9"]
[EventCountry "RUS"]
[SourceTitle "EXT 1997"]
[Source "ChessBase"]
[SourceDate "1996.11.15"]
[SourceVersion "1"]
[SourceVersionDate "1996.11.15"]
[SourceQuality "1"]

1. e4 c5 2. Nf3 Nc6 3. Bb5 d6 4. O-O Bd7 5. c3 a6 6. Ba4 b5 7. Bc2 Bg4 8. d3
Nf6 9. Nbd2 e6 10. h3 Bh5 11. Qe1 Be7 12. Kh1 Nd7 13. Ng1 O-O 14. Ne2 e5 15.
Ng3 Bg6 16. Nf3 Re8 17. Be3 Nb6 18. Rd1 d5 19. d4 exd4 20. cxd4 c4 21. Ne5 Nb4
22. Bb1 dxe4 23. Nxe4 N4d5 24. Qe2 Qc7 25. Qf3 Rad8 26. a3 Nd7 27. Nxg6 hxg6
28. Bd2 N7f6 29. Rfe1 Bd6 30. Nxf6+ Nxf6 31. Rxe8+ Rxe8 32. Re1 Rxe1+ 33. Bxe1
Qb6 34. Bc3 Bc7 35. g3 a5 36. d5 b4 37. axb4 axb4 38. Bxf6 gxf6 39. b3 cxb3 40.
Kg2 b2 41. h4 Qd4 42. h5 gxh5 43. Qxh5 Bb6 44. Qf5 Kf8 45. Qc8+ Kg7 46. Qf5 Bc7
47. Kh3 Qe5 48. Kg4 Kf8 49. Qxe5 fxe5 50. Kf5 Ke7 51. g4 Kd6 52. Ke4 Bb6 53. f3
Bd4 54. Kd3 Kxd5 55. Ba2+ Kc5 1/2-1/2

[Event "Moscow Tal Memorial"]
[Site "Moscow"]
[Date "1992.??.??"]
[Round "?"]
[White "Epishin, Vladimir"]
[Black "Kharlov, Andrei"]
[Result "1-0"]
[WhiteElo "2630"]
[BlackElo "2555"]
[PlyCount "97"]
[EventDate "1992.08.??"]
[EventType "swiss"]
[EventRounds "9"]
[EventCountry "RUS"]
[SourceTitle "EXT 1997"]
[Source "ChessBase"]
[SourceDate "1996.11.15"]
[SourceVersion "1"]
[SourceVersionDate "1996.11.15"]
[SourceQuality "1"]

1. d4 d5 2. c4 dxc4 3. e4 Nf6 4. e5 Nd5 5. Bxc4 Nb6 6. Bb3 Nc6 7. Ne2 Bf5 8.
Nbc3 e6 9. a3 Be7 10. O-O O-O 11. Ba2 Qd7 12. Be3 Rfd8 13. h3 h6 14. Qc1 Bf8
15. Rd1 Na5 16. d5 exd5 17. Bxb6 cxb6 18. Nxd5 Qc8 19. Nd4 Nc6 20. Qf4 Nxd4 21.
Rxd4 Bg6 22. Rad1 Kh8 23. b4 Qc6 24. Qd2 Rac8 25. Nf4 Rxd4 26. Qxd4 Be7 27. e6
Kh7 28. exf7 Bf5 29. Re1 Bf8 30. Qe5 g6 31. g4 Bc2 32. Ne6 Qf3 33. Qe3 Qxe3 34.
Nxf8+ Rxf8 35. Rxe3 Ba4 36. Re5 Kg7 37. f4 Rd8 38. Kf2 Rd2+ 39. Re2 Rxe2+ 40.
Kxe2 g5 41. Ke3 Bc6 42. fxg5 hxg5 43. Kd4 Bg2 44. Ke5 Bxh3 45. Kf5 b5 46. Kxg5
Bf1 47. Kf5 Bc4 48. Bxc4 bxc4 49. Ke6 1-0

[Event "Moscow Tal Memorial"]
[Site "Moscow"]
[Date "1992.??.??"]
[Round "?"]
[White "Kharlov, Andrei"]
[Black "Arkhipov, Sergey"]
[Result "1-0"]
[WhiteElo "2555"]
[BlackElo "2485"]
[PlyCount "81"]
[EventDate "1992.08.??"]
[EventType "swiss"]
[EventRounds "9"]
[EventCountry "RUS"]
[SourceTitle "EXT 1997"]
[Source "ChessBase"]
[SourceDate "1996.11.15"]
[SourceVersion "1"]
[SourceVersionDate "1996.11.15"]
[SourceQuality "1"]

1. d4 Nf6 2. c4 e6 3. Nc3 Bb4 4. Qc2 O-O 5. a3 Bxc3+ 6. Qxc3 d6 7. Bg5 Nbd7 8.
e3 b6 9. Bd3 c5 10. Ne2 Ba6 11. O-O Rc8 12. Rfd1 h6 13. Bh4 Ne4 14. Bxd8 Nxc3
15. Nxc3 Rfxd8 16. d5 Ne5 17. b3 Nxd3 18. Rxd3 e5 19. a4 Rb8 20. f3 Rd7 21. g4
Bc8 22. a5 a6 23. axb6 Rxb6 24. Ne4 Rdb7 25. Nd2 f5 26. gxf5 Bxf5 27. Rc3 g5
28. Kf2 Kh7 29. Rcc1 Rf7 30. Ke2 g4 31. fxg4 Bxg4+ 32. Kd3 Rf2 33. Rh1 Bf5+ 34.
Kc3 Bg6 35. h4 Re2 36. Rh3 Rb7 37. Rxa6 Rf7 38. Rxd6 Rff2 39. Rg3 Be8 40. Ne4
Rc2+ 41. Kd3 1-0

[Event "Moscow Tal Memorial"]
[Site "Moscow"]
[Date "1992.??.??"]
[Round "?"]
[White "Kharlov, Andrei"]
[Black "Kharitonov, Andrei"]
[Result "1-0"]
[WhiteElo "2555"]
[BlackElo "2505"]
[PlyCount "105"]
[EventDate "1992.08.??"]
[EventType "swiss"]
[EventRounds "9"]
[EventCountry "RUS"]
[SourceTitle "EXT 1997"]
[Source "ChessBase"]
[SourceDate "1996.11.15"]
[SourceVersion "1"]
[SourceVersionDate "1996.11.15"]
[SourceQuality "1"]

1. d4 Nf6 2. c4 e6 3. Nc3 Bb4 4. e3 O-O 5. Nge2 d5 6. a3 Be7 7. Nf4 c6 8. Bd3
Nbd7 9. cxd5 exd5 10. O-O Re8 11. f3 Nb6 12. Kh1 c5 13. a4 cxd4 14. exd4 a5 15.
b3 Bd7 16. Bd2 Bc6 17. Bc2 Nbd7 18. g4 h6 19. Nce2 Qb6 20. Be1 Bd6 21. Bg3 Qc7
22. Qd2 Re7 23. Nd3 Ne4 24. fxe4 dxe4 25. d5 exd3 26. Qxd3 Rxe2 27. Qh7+ Kf8
28. Rxf7+ Kxf7 29. Rf1+ Nf6 30. Bg6+ Ke7 31. Qxg7+ Kd8 32. Qxf6+ Qe7 33. Qxe7+
Rxe7 34. dxc6 Bxg3 35. Rf8+ Kc7 36. Rxa8 Be1 37. cxb7 Kxb7 38. Rh8 Bd2 39. Rd8
Bc3 40. Bd3 Kc7 41. Rd5 Re5 42. Rb5 Rxb5 43. axb5 Kd6 44. Kg2 Bf6 45. Kf3 Kd5
46. Bc4+ Kd4 47. b6 a4 48. bxa4 Kxc4 49. Ke4 Bd8 50. b7 Bc7 51. h4 Kc5 52. a5
Kc6 53. a6 1-0

[Event "Moscow Tal Memorial"]
[Site "Moscow"]
[Date "1992.??.??"]
[Round "?"]
[White "Kharlov, Andrei"]
[Black "Nevostrujev, Vladimir"]
[Result "1-0"]
[WhiteElo "2555"]
[BlackElo "2450"]
[PlyCount "81"]
[EventDate "1992.08.??"]
[EventType "swiss"]
[EventRounds "9"]
[EventCountry "RUS"]
[SourceTitle "EXT 1997"]
[Source "ChessBase"]
[SourceDate "1996.11.15"]
[SourceVersion "1"]
[SourceVersionDate "1996.11.15"]
[SourceQuality "1"]

1. e4 c5 2. Nc3 e6 3. Nf3 a6 4. g3 Nc6 5. Bg2 d6 6. O-O Nf6 7. d4 cxd4 8. Nxd4
Bd7 9. a4 Be7 10. Nxc6 Bxc6 11. a5 O-O 12. Be3 Nd7 13. Qe2 Qc7 14. Rfd1 Rac8
15. Rd2 Rfe8 16. Bd4 Bf8 17. Qc4 Be7 18. Qa2 Bd8 19. Be3 Be7 20. Rad1 Red8 21.
f4 Re8 22. Bf2 Kh8 23. b4 Nf6 24. Qb3 Qb8 25. Bd4 Nd7 26. Na4 Bf8 27. Nb2 e5
28. fxe5 Nxe5 29. Bxe5 dxe5 30. Nc4 Rcd8 31. Nxe5 Qxe5 32. Rxd8 Kg8 33. Rxe8
Bxe8 34. c4 Bc6 35. c5 g6 36. Qc4 Be7 37. Qd4 Qh5 38. Rf1 Qe2 39. h4 h5 40. Kh2
Qa2 41. Rf2 1-0

[Event "Moscow Tal Memorial"]
[Site "Moscow"]
[Date "1992.??.??"]
[Round "?"]
[White "Kharlov, Andrei"]
[Black "Yagupov, Igor"]
[Result "1-0"]
[WhiteElo "2555"]
[BlackElo "2400"]
[PlyCount "93"]
[EventDate "1992.08.??"]
[EventType "swiss"]
[EventRounds "9"]
[EventCountry "RUS"]
[SourceTitle "EXT 1997"]
[Source "ChessBase"]
[SourceDate "1996.11.15"]
[SourceVersion "1"]
[SourceVersionDate "1996.11.15"]
[SourceQuality "1"]

1. d4 f5 2. g3 Nf6 3. Bg2 g6 4. Nf3 Bg7 5. O-O O-O 6. b3 d6 7. Bb2 Ne4 8. Nfd2
Nxd2 9. Qxd2 e5 10. dxe5 dxe5 11. Rd1 Qxd2 12. Nxd2 e4 13. Bxg7 Kxg7 14. f3
exf3 15. Bxf3 Nd7 16. Nc4 Nf6 17. Rd4 Rb8 18. Na5 c5 19. Rd6 b6 20. Nc6 Rb7 21.
Rad1 Rc7 22. a4 Re8 23. Rd8 Bd7 24. Rxe8 Bxe8 25. Ne5 Nd7 26. Nc4 Bf7 27. Nd6
Ne5 28. Nb5 Re7 29. Kf2 Be8 30. Rd8 Bxb5 31. axb5 Rd7 32. Ra8 Kf6 33. h3 Nxf3
34. Kxf3 Rd2 35. c4 Rb2 36. Rxa7 Rxb3+ 37. e3 Rc3 38. Rxh7 Rxc4 39. Rb7 g5 40.
Rxb6+ Ke5 41. Rg6 Rb4 42. Rxg5 Kf6 43. Rg8 Rxb5 44. Rc8 Ke5 45. h4 Kd5 46. Kf4
c4 47. h5 1-0

[Event "Moscow Tal Memorial"]
[Site "Moscow"]
[Date "1992.??.??"]
[Round "?"]
[White "Malaniuk, Vladimir"]
[Black "Kharlov, Andrei"]
[Result "1/2-1/2"]
[WhiteElo "2540"]
[BlackElo "2555"]
[PlyCount "134"]
[EventDate "1992.08.??"]
[EventType "swiss"]
[EventRounds "9"]
[EventCountry "RUS"]
[SourceTitle "EXT 1997"]
[Source "ChessBase"]
[SourceDate "1996.11.15"]
[SourceVersion "1"]
[SourceVersionDate "1996.11.15"]
[SourceQuality "1"]

1. d4 d5 2. c4 e6 3. Nc3 c6 4. e4 dxe4 5. Nxe4 Bb4+ 6. Bd2 Qxd4 7. Bxb4 Qxe4+
8. Ne2 Na6 9. Bc3 e5 10. Qd6 f6 11. Rd1 Kf7 12. f4 exf4 13. Rd4 Qe7 14. Qxf4
Nh6 15. Re4 Qd8 16. Qf3 Bf5 17. Rd4 Qc8 18. h3 Re8 19. g4 Bg6 20. Bg2 Kg8 21.
O-O Nc5 22. Ng3 Qc7 23. h4 Rad8 24. h5 Bf7 25. b3 Rxd4 26. Bxd4 Ne6 27. Be3 Ng5
28. Bxg5 fxg5 29. Nf5 Nxf5 30. Qxf5 Re5 31. Qd3 Qe7 32. Rd1 Be8 33. Qd4 Re2 34.
Rd2 Re1+ 35. Kh2 h6 36. Bf3 b6 37. Kg2 Re5 38. Qd6 Qxd6 39. Rxd6 Kf7 40. Rd8 c5
41. a4 Kf6 42. a5 bxa5 43. Rd6+ Re6 44. Rd5 Re5 45. Rd6+ Re6 46. Rd5 a4 47.
bxa4 Re5 48. Rd6+ Re6 49. Rd5 Bxa4 50. Rf5+ Ke7 51. Rxc5 Bd7 52. Rc7 Ra6 53.
Rb7 Ra2+ 54. Kg1 Kd8 55. Rb8+ Kc7 56. Rg8 Rc2 57. Rxg7 Rxc4 58. Rh7 a5 59. Rxh6
Bxg4 60. Bxg4 Rxg4+ 61. Kf2 Kb7 62. Ke2 Rh4 63. Kd2 Rh3 64. Kc2 a4 65. Rh7+ Kc6
66. h6 Kd5 67. Rg7 Rxh6 1/2-1/2

[Event "Moscow Tal Memorial"]
[Site "Moscow"]
[Date "1992.??.??"]
[Round "?"]
[White "Yakovich, Yuri"]
[Black "Kharlov, Andrei"]
[Result "1/2-1/2"]
[WhiteElo "2520"]
[BlackElo "2555"]
[PlyCount "25"]
[EventDate "1992.08.??"]
[EventType "swiss"]
[EventRounds "9"]
[EventCountry "RUS"]
[SourceTitle "EXT 1997"]
[Source "ChessBase"]
[SourceDate "1996.11.15"]
[SourceVersion "1"]
[SourceVersionDate "1996.11.15"]
[SourceQuality "1"]

1. d4 d5 2. c4 e6 3. Nf3 Nf6 4. e3 c5 5. Nc3 Nc6 6. Be2 cxd4 7. Nxd4 Bd6 8. O-O
O-O 9. Nf3 a6 10. cxd5 exd5 11. b3 Bg4 12. Bb2 Bc7 13. Rc1 1/2-1/2

[Event "Moscow rapid"]
[Site "Moscow"]
[Date "1992.??.??"]
[Round "?"]
[White "Kharlov, Andrei"]
[Black "Dolmatov, Sergey"]
[Result "1-0"]
[WhiteElo "2555"]
[BlackElo "2610"]
[PlyCount "41"]
[EventDate "1992.08.??"]
[EventType "swiss (rapid)"]
[EventRounds "9"]
[EventCountry "RUS"]
[SourceTitle "EXT 1997"]
[Source "ChessBase"]
[SourceDate "1996.11.15"]
[SourceVersion "1"]
[SourceVersionDate "1996.11.15"]
[SourceQuality "1"]

1. e4 c5 2. d4 cxd4 3. c3 dxc3 4. Nxc3 Nc6 5. Nf3 d6 6. Bc4 e6 7. O-O Be7 8.
Qe2 Nf6 9. Rd1 e5 10. Be3 O-O 11. b4 a6 12. a4 Bg4 13. b5 axb5 14. axb5 Rxa1
15. Rxa1 Nd4 16. Bxd4 exd4 17. Nd5 Nxd5 18. Bxd5 Bf6 19. Ra7 Be6 20. Bxe6 fxe6
21. Rxb7 {(...)} 1-0

[Event "Moscow rapid"]
[Site "Moscow"]
[Date "1992.??.??"]
[Round "?"]
[White "Kharlov, Andrei"]
[Black "Dragomarezkij, Evgeni"]
[Result "0-1"]
[WhiteElo "2555"]
[BlackElo "2415"]
[PlyCount "63"]
[EventDate "1992.08.??"]
[EventType "swiss (rapid)"]
[EventRounds "9"]
[EventCountry "RUS"]
[SourceTitle "EXT 1997"]
[Source "ChessBase"]
[SourceDate "1996.11.15"]
[SourceVersion "1"]
[SourceVersionDate "1996.11.15"]
[SourceQuality "1"]

1. e4 c5 2. c3 Nf6 3. e5 Nd5 4. d4 cxd4 5. Nf3 e6 6. cxd4 d6 7. Bc4 Nc6 8. O-O
Nb6 9. Bb3 dxe5 10. dxe5 Qxd1 11. Rxd1 Bd7 12. a3 Rc8 13. Ba2 Be7 14. Nc3 Na5
15. h3 Nac4 16. Ne2 Bc6 17. Ned4 Bd5 18. a4 Nd7 19. Bxc4 Rxc4 20. b3 Rc8 21.
Be3 O-O 22. Nf5 Bb4 23. Bxa7 b6 24. N5d4 Rc7 25. Nb5 Rb7 26. Rd4 Bc5 27. Rf4
Ra8 28. b4 Be7 29. a5 bxa5 30. Rxa5 Bd8 31. Nd6 Bxa5 32. Nxb7 0-1

[Event "Moscow rapid"]
[Site "Moscow"]
[Date "1992.??.??"]
[Round "?"]
[White "Kharlov, Andrei"]
[Black "Rashkovsky, Nukhim"]
[Result "0-1"]
[WhiteElo "2555"]
[BlackElo "2530"]
[PlyCount "31"]
[EventDate "1992.08.??"]
[EventType "swiss (rapid)"]
[EventRounds "9"]
[EventCountry "RUS"]
[SourceTitle "EXT 1997"]
[Source "ChessBase"]
[SourceDate "1996.11.15"]
[SourceVersion "1"]
[SourceVersionDate "1996.11.15"]
[SourceQuality "1"]

1. d4 Nf6 2. c4 e6 3. Nc3 Bb4 4. e3 Nc6 5. Nge2 d5 6. a3 Bd6 7. Ng3 h5 8. cxd5
exd5 9. Bd3 h4 10. Nf1 Qe7 11. Be2 Bf5 12. h3 O-O-O 13. Nh2 Bxh2 14. Rxh2 Ne4
15. Nxe4 Bxe4 16. Kf1 {(...)} 0-1

[Event "Moscow rapid"]
[Site "Moscow"]
[Date "1992.??.??"]
[Round "?"]
[White "Kharlov, Andrei"]
[Black "Yakovich, Yuri"]
[Result "0-1"]
[WhiteElo "2555"]
[BlackElo "2520"]
[PlyCount "37"]
[EventDate "1992.08.??"]
[EventType "swiss (rapid)"]
[EventRounds "9"]
[EventCountry "RUS"]
[SourceTitle "EXT 1997"]
[Source "ChessBase"]
[SourceDate "1996.11.15"]
[SourceVersion "1"]
[SourceVersionDate "1996.11.15"]
[SourceQuality "1"]

1. f4 Nf6 2. Nf3 d5 3. g3 g6 4. Bg2 Bg7 5. O-O O-O 6. d3 b6 7. h3 Bb7 8. g4
Nbd7 9. Qe1 Ne8 10. e4 dxe4 11. dxe4 Nc5 12. e5 f6 13. Nc3 fxe5 14. Nxe5 Bxg2
15. Kxg2 Qd6 16. Be3 Bxe5 17. fxe5 Qc6+ 18. Kh2 Ng7 19. Qe2 {(...)} 0-1

[Event "Moscow rapid"]
[Site "Moscow"]
[Date "1992.??.??"]
[Round "?"]
[White "Kharlov, Andrei"]
[Black "Zaiatz, Elena"]
[Result "1-0"]
[WhiteElo "2555"]
[BlackElo "2350"]
[PlyCount "59"]
[EventDate "1992.08.??"]
[EventType "swiss (rapid)"]
[EventRounds "9"]
[EventCountry "RUS"]
[SourceTitle "EXT 1997"]
[Source "ChessBase"]
[SourceDate "1996.11.15"]
[SourceVersion "1"]
[SourceVersionDate "1996.11.15"]
[SourceQuality "1"]

1. c4 e6 2. g3 d5 3. Bg2 g6 4. Nf3 Bg7 5. O-O Ne7 6. d4 O-O 7. cxd5 exd5 8. Nc3
Nbc6 9. Bg5 h6 10. Bxe7 Nxe7 11. e3 c6 12. Na4 Nf5 13. Nc5 Nd6 14. Rc1 Qe7 15.
Re1 Bf5 16. Nd2 Rfe8 17. Nf3 Rad8 18. Nh4 Bc8 19. Qa4 b6 20. Nd3 b5 21. Qd1 Bd7
22. Nf3 a5 23. b3 b4 24. Nfe5 Rc8 25. Bf1 Ne4 26. Nxd7 Qxd7 27. Nc5 Nxc5 28.
Rxc5 Qa7 29. Qc1 Qb6 30. Rd1 1-0

[Event "Moscow rapid"]
[Site "Moscow"]
[Date "1992.??.??"]
[Round "?"]
[White "Minasian, Artashes"]
[Black "Kharlov, Andrei"]
[Result "0-1"]
[WhiteElo "2530"]
[BlackElo "2555"]
[PlyCount "46"]
[EventDate "1992.08.??"]
[EventType "swiss (rapid)"]
[EventRounds "9"]
[EventCountry "RUS"]
[SourceTitle "EXT 1997"]
[Source "ChessBase"]
[SourceDate "1996.11.15"]
[SourceVersion "1"]
[SourceVersionDate "1996.11.15"]
[SourceQuality "1"]

1. e4 c5 2. Nc3 e6 3. f4 d5 4. Nf3 dxe4 5. Nxe4 Be7 6. Bc4 Nc6 7. d3 Nh6 8. Ne5
Bd7 9. Nxd7 Qxd7 10. Be3 Nf5 11. Bf2 Na5 12. Bb3 b6 13. O-O O-O 14. Qe2 Rfd8
15. Rad1 h6 16. c3 Nxb3 17. axb3 Qb5 18. Qc2 Rd7 19. g4 Nd6 20. Nxd6 Rxd6 21.
Bg3 Rad8 22. Rf3 R6d7 23. h3 Bf6 0-1